[Event "73rd MNE-ch 2021"]
[Site "Podgorica"]
[Date "2021.05.10"]
[Round "9.1"]
[White "Potpara, Nikola"]
[Black "Draskovic, Luka"]
[Result "1/2-1/2"]
[WhiteElo "2370"]
[BlackElo "2472"]
[Annotator "TA"]
[PlyCount "94"]
[EventDate "2021.05.03"]
[EventType "swiss"]
[EventCountry "MNE"]
[SourceTitle "playchess.com"]
[Source "ChessBase"]
[SourceQuality "1"]

{[%evp 10,94,34,9,39,40,42,33,43,18,29,23,40,22,37,39,41,43,41,40,53,59,93,72,72,63,61,52,56,60,58,45,43,59,130,127,135,136,128,133,143,118,87,62,62,62,62,37,61,55,59,40,62,59,73,0,59,59,59,59,59,59,59,0,59,0,59,59,59,59,59,59,59,59,59,59,59,59,59,0,0,0,0,0,0,0,0]} 1. d4 d6 2. e4 Nf6 3. f3 e5 4. d5 Be7 5. Be3 O-O 6. Qd2 Ne8 {B07: Pirc Defence: Miscellaneous Systems.} 7. c4 h6 {[#]} 8. Bd3 $146 ({Predecessor:} 8. Nc3 Bg5 9. Bxg5 Qxg5 10. Nge2 Qxd2+ 11. Kxd2 a5 12. Ng3 Na6 13. Bd3 Nc5 14. Bc2 {½-½ (72) Tjiam,D (2376)-Broekmeulen,J (2360) Netherlands 2010}) 8... Bg5 {White is slightly better.} 9. Nc3 Bxe3 10. Qxe3 f5 11. Nge2 fxe4 12. Nxe4 Nf6 13. O-O Nxe4 14. Bxe4 Nd7 15. f4 Qe7 16. Bc2 Re8 17. Rae1 {And now Nd4! would win.} exf4 $1 18. Qxe7 Rxe7 19. Nxf4 {[%mdl 64] [#] Discovered Attack} Rxe1 20. Rxe1 {aiming for Re8+.} Ne5 21. Ng6 Bd7 (21... Nxg6 $14 22. Bxg6 Bd7) 22. Nxe5 $16 dxe5 23. Rxe5 {[%mdl 4096] Endgame KRB-KRB} Kf7 24. Kf2 Kf6 25. Re1 Re8 26. Rxe8 (26. Be4 {is interesting.} b5 27. cxb5 Bxb5 28. b3 Bd7 29. Ke3) 26... Bxe8 {KB-KB} 27. Ke3 Ke5 $1 28. g3 a5 29. Bd3 b6 30. a3 Bd7 31. Be2 Bf5 32. Bd3 ({White should try} 32. Bd1 $16) 32... Bh3 (32... Bd7 $1 $11) 33. b4 $14 axb4 34. axb4 Bg2 35. Be2 Be4 36. Bd3 Bg2 37. Be2 Be4 38. Bf1 Bf5 39. Bg2 Bg6 40. Bf3 Bh7 41. h3 Bf5 42. Bg4 {[#] Black must now prevent Bxf5.} Be4 43. Bd7 Bg6 44. Bc8 ({White should play} 44. h4 $14) 44... b5 $1 $11 {[%cal Rb5c4] The position is equal.} 45. Ba6 bxc4 46. Bxc4 Bf5 47. h4 Bc8 {Weighted Error Value: White=0.13/Black=0.08} 1/2-1/2

[Event "73rd MNE-ch 2021"]
[Site "Podgorica"]
[Date "2021.05.10"]
[Round "9.1"]
[White "Petrovic, Slavko"]
[Black "Djokovic, Mirsad"]
[Result "0-1"]
[WhiteElo "1867"]
[BlackElo "2127"]
[Annotator "NA"]
[PlyCount "89"]
[EventDate "2021.05.03"]
[EventType "swiss"]
[EventCountry "MNE"]
[SourceTitle "playchess.com"]
[Source "ChessBase"]
[SourceQuality "1"]

1. e4 c6 2. d4 d5 3. exd5 cxd5 4. Bd3 Nc6 5. c3 Qc7 6. Nf3 Bg4 7. h3 Bh5 8. O-O e6 9. Re1 Bd6 10. Nbd2 Nge7 11. Nf1 a6 12. Bg5 Bg6 13. Bh4 Nf5 14. Bxf5 Bxf5 15. Bg3 O-O 16. Bxd6 Qxd6 17. Nh4 Bg6 18. Qg4 b5 19. f4 Be4 20. Nf3 f5 21. Qh5 b4 22. Re3 Rab8 23. h4 bxc3 24. bxc3 Rb2 25. Rae1 Qxf4 26. R1e2 Rb1 27. Kf2 Qg4 28. Ng3 g6 29. Qxg4 fxg4 30. Nxe4 dxe4 31. Rxe4 gxf3 32. gxf3 Nd8 33. c4 Rd1 34. Ke3 Rf1 35. Rf2 Re1+ 36. Re2 Rc1 37. d5 exd5 38. cxd5 Rd1 39. Rd2 Rxd2 40. Kxd2 Rxf3 41. Ra4 Rf5 42. Rd4 Rf2+ 43. Ke3 Rxa2 44. Rc4 Nf7 45. Kd4 0-1

[Event "73rd MNE-ch 2021"]
[Site "Podgorica"]
[Date "2021.05.10"]
[Round "9.2"]
[White "Djukic, Nikola"]
[Black "Blagojevic, Dragisa"]
[Result "0-1"]
[WhiteElo "2515"]
[BlackElo "2481"]
[Annotator "TA"]
[PlyCount "210"]
[EventDate "2021.05.03"]
[EventType "swiss"]
[EventCountry "MNE"]
[SourceTitle "playchess.com"]
[Source "ChessBase"]
[SourceQuality "1"]

{[%evp 21,210,1,33,15,38,31,44,38,33,38,33,33,26,22,31,19,47,33,45,35,29,24,27,17,18,14,28,24,36,29,44,41,44,43,47,39,37,33,29,37,42,0,0,0,0,0,30,50,63,72,103,15,7,22,108,0,19,0,26,0,0,0,0,-14,-3,-2,-4,-15,-18,-24,-8,-22,-17,-18,0,-21,0,-15,-20,-22,-20,-29,-29,-29,-21,-24,0,-22,0,0,0,0,0,0,0,0,0,0,0,0,0,0,0,0,0,0,0,0,0,0,0,0,0,0,0,-68,-72,-80,-87,-86,-85,-82,-85,-92,-92,-100,-100,-139,-62,-64,-62,-62,-22,-66,-26,-61,0,0,0,-12,0,0,0,-116,-116,-595,0,-580,-583,-830,-747,-4950,-310,-699,-684,-12804,-12633,-1045,-1041,-12815,-12819,-12830,-1033,-12813,-12818,-12830,-12834,-12732,-29943,-29959,-29965,-29968,-29969,-29967,-29968,-29961,-29961,-29975,0,0,0,-29975,-29968,-29976,-29977,-29980,-29981,-29981,-29982,-29983,-29984]} 1. e4 e5 2. Nf3 Nc6 3. Bb5 a6 4. Ba4 Nf6 5. O-O b5 6. Bb3 Bb7 7. d3 Bd6 8. Re1 O-O 9. Nbd2 {[%cal Bb1d2,Bd2f1,Bf1g3][%mdl 32]} h6 10. Nf1 Re8 11. c3 Bf8 12. d4 {C88: Closed Ruy Lopez: Anti-Marshall Systems.} d6 13. Ng3 Na5 14. Bc2 $1 {White is slightly better.} Nc4 15. b3 Nb6 16. Bd2 a5 17. Bd3 c6 {[#]} 18. Qc2 $146 ({Predecessor:} 18. h3 Qc7 19. Qc2 a4 20. Be3 {½-½ (20) Pirs,J (2349)-Anokhin,Y (2382) GER email 2016}) 18... b4 19. Rad1 c5 {With the idea ...bxc3.} 20. dxc5 dxc5 21. Bb5 {Bg5 is the strong threat.} Nfd7 22. Nf5 Qc8 23. Ne3 Re6 24. Bc1 Nf6 25. Nc4 Nxc4 26. Bxc4 Re8 27. Bb2 Qc7 28. Nd2 Bc6 29. Nf1 Qb7 {[%cal Rc6e4]} 30. f3 Nd7 31. Bd5 Bxd5 32. exd5 bxc3 33. Bxc3 Qa7 (33... a4 $5) 34. Ne3 a4 35. Nc4 f6 36. Kh1 (36. Ba5 $16) 36... axb3 $11 37. axb3 Qb7 (37... Nb6 $11 {remains equal.}) 38. Rd2 ({Better is} 38. Ba5 $16) 38... Qb5 39. Rb1 Kh8 40. h3 Red8 41. Qe4 Nb6 $1 42. Ne3 Nc8 43. Nc4 Nd6 44. Nxd6 Bxd6 45. Rdb2 Bf8 46. Qc4 Rdb8 47. Qe4 Rd8 48. Qc4 Rdb8 49. Qe4 Qd7 50. g4 Ra3 51. Qc4 Bd6 52. Kg2 Rba8 53. Qe4 Ra2 (53... Rf8 {seems wilder.} 54. Qg6 Kg8 55. Be1 Qb7 56. Bd2 Qf7) 54. Qc2 (54. Rxa2 {looks sharper.} Rxa2+ 55. Rb2 Ra3 56. Qd3 Qb7 57. Be1) 54... Rxb2 (54... R2a6 {keeps more tension.} 55. Qd3 Rb6 56. Bd2 Be7 57. Be1 Qb7) 55. Rxb2 Qb7 56. Qd3 Ra1 57. Bd2 Qa7 {Hoping for ...c4!} 58. Be3 Qa3 59. Re2 Qa6 60. Qxa6 Rxa6 {[%mdl 4096] Endgame KRB-KRB} 61. Rc2 Ra5 62. h4 Kg8 63. Kf2 Kf7 64. Ke2 Rb5 65. Rc3 f5 66. gxf5 Kf6 67. h5 Kxf5 68. Kd2 (68. Kd3 $11) 68... e4 $15 69. fxe4+ Kxe4 70. Kc2 Kxd5 71. Rd3+ Kc6 72. Bd2 c4 73. bxc4 Rxh5 74. Rf3 Be5 (74... Rh2 $17 75. Kd3 h5) 75. Kd3 Rh4 76. Be3 Bf6 77. Rf2 Kd6 78. Ra2 Rh3 ({Black should play} 78... Be5 $15) 79. Ke4 $11 Rh4+ (79... Ke6 {with more complications.} 80. Ra6+ Kf7 81. Ra7+ Kg6 82. c5 Rh4+) 80. Kf5 Bd4 (80... Rxc4 {is interesting.} 81. Bxh6 Ke7 82. Kg6 Rg4+ 83. Kf5 Rg1) 81. Bxd4 Rxd4 {KR-KR} 82. Rg2 (82. Ra7 $11) 82... g5 $17 ({Much weaker is} 82... Rxc4 $6 83. Rg6+ Ke7 84. Rxg7+ Kd6 85. Rg6+ Kd5 86. Rxh6 $11) 83. Rh2 $2 {[%mdl 8192]} (83. Ra2 $17) 83... Rf4+ $19 84. Kg6 {[#]} Rh4 $1 {[%cal Rh4h2]} 85. Rc2 Kc5 86. Rc1 Rxc4 $2 (86... g4 {Threatens to win with ...g3.} 87. Kf5 h5) 87. Rh1 $2 {[#]} (87. Rg1 Rh4 88. Kf5) 87... Rh4 $1 {[%cal Rh4h1]} 88. Rd1 g4 89. Kf5 h5 90. Kf4 Rh3 91. Rg1 Kc4 (91... Kd6 $142 92. Ra1 g3 93. Rd1+ Kc5) 92. Rg2 Kd5 93. Ra2 g3 94. Kf3 h4 95. Rb2 Rh1 96. Ra2 Kc4 97. Rc2+ Kd3 98. Ra2 Kc3 99. Re2 Rg1 $2 (99... Rf1+ {mates} 100. Kg2 Rd1 101. Re3+ Rd3 102. Re1 Rd2+ 103. Kf3 Rf2+ 104. Kg4 Rh2 105. Rc1+ Kd2 106. Rg1 g2 107. Ra1 h3 108. Kh4 Rh1 109. Ra2+ Kc1 110. Ra8 h2 111. Rc8+ Kd2 112. Rd8+ Kc2 113. Rc8+ Kd3 114. Rd8+ Ke4 115. Re8+ Kf5 116. Rf8+ Ke6 117. Re8+ Kd7 118. Re2 g1=Q 119. Rd2+ Ke6 120. Ra2 Qe1+ 121. Kh3 Qe3+ 122. Kh4 Rg1 123. Ra6+ Kd7 124. Rd6+ Kxd6 125. Kh5 h1=Q#) 100. Kg4 $1 $11 Rh1 $2 {[%mdl 8192]} (100... g2 $11) 101. Kf3 Rd1 {Black mates.} 102. Kg4 Rd2 103. Re1 Rh2 104. Kf3 g2 105. Kf2 h3 {Weighted Error Value: White=0.11/Black=0.10} 0-1

[Event "73rd MNE-ch 2021"]
[Site "Podgorica"]
[Date "2021.05.10"]
[Round "9.2"]
[White "Malisic, Miroslav"]
[Black "Lazarevic, Zoran V"]
[Result "0-1"]
[WhiteElo "1832"]
[BlackElo "2120"]
[Annotator "NA"]
[PlyCount "87"]
[EventDate "2021.05.03"]
[EventType "swiss"]
[EventCountry "MNE"]
[SourceTitle "playchess.com"]
[Source "ChessBase"]
[SourceQuality "1"]

1. d4 d5 2. c4 e6 3. Nc3 Nf6 4. Bg5 Bb4 5. e3 Nbd7 6. cxd5 exd5 7. Nf3 O-O 8. Bd3 c5 9. O-O Bxc3 10. bxc3 c4 11. Bc2 Qa5 12. Qd2 Ne4 13. Bxe4 dxe4 14. Ne5 Nxe5 15. dxe5 Qxe5 16. Bf4 Qe6 17. Rfd1 Qg6 18. Qd5 Qe6 19. Qb5 a6 20. Qc5 b6 21. Qc7 Qf5 22. Qxb6 Be6 23. Rd4 g5 24. Bg3 h5 25. Rad1 h4 26. Bd6 Rfe8 27. Qc6 Bd7 28. Qxc4 h3 29. gxh3 Qf3 30. Kf1 Bb5 31. Qxb5 axb5 32. a3 Re6 33. Rd5 Kh7 34. R1d4 Rd8 35. Ke1 Rf6 36. Rd2 Qxh3 37. Bg3 Rxd5 38. Rxd5 Rf5 39. Rd4 Qg2 40. Kd1 Qf1+ 41. Kc2 Qa1 42. Rxe4 Qa2+ 43. Kd3 Qb1+ 44. Kd4 0-1

[Event "73rd MNE-ch 2021"]
[Site "Podgorica"]
[Date "2021.05.10"]
[Round "9.3"]
[White "Pobor, Milo"]
[Black "Kalezic, Blazo"]
[Result "1/2-1/2"]
[WhiteElo "2071"]
[BlackElo "2456"]
[Annotator "ChessBase"]
[PlyCount "71"]
[EventDate "2021.05.03"]
[EventType "swiss"]
[EventCountry "MNE"]
[SourceTitle "playchess.com"]
[Source "ChessBase"]
[SourceQuality "1"]

1. e4 e6 2. d4 d5 3. Nc3 Nf6 4. Bg5 dxe4 5. Nxe4 Be7 6. Bxf6 gxf6 7. Nf3 f5 8. Nc3 a6 9. g3 b5 10. Bg2 Bb7 11. O-O O-O 12. Ne5 Bxg2 13. Kxg2 b4 14. Na4 Qd5+ 15. Qf3 Qxf3+ 16. Kxf3 Bf6 17. Ke3 Bxe5 18. dxe5 Nd7 19. f4 Nb6 20. Nxb6 cxb6 21. Rad1 Rfc8 22. Kd2 Rc6 23. Kc1 Rac8 24. Rf2 Kg7 25. Rd7 h5 26. Rfd2 a5 27. Kd1 Kg6 28. Rb7 R8c7 29. Rxc7 Rxc7 30. Rd6 b5 31. b3 h4 32. Ra6 hxg3 33. hxg3 Kh5 34. Rxa5 Rc5 35. Ra8 Kg4 36. Rg8+ 1/2-1/2

[Event "73rd MNE-ch 2021"]
[Site "Podgorica"]
[Date "2021.05.10"]
[Round "9.3"]
[White "Malisic, Miodrag"]
[Black "Obadovic, Zeljko"]
[Result "0-1"]
[WhiteElo "1839"]
[BlackElo "1788"]
[Annotator "NA"]
[PlyCount "104"]
[EventDate "2021.05.03"]
[EventType "swiss"]
[EventCountry "MNE"]
[SourceTitle "playchess.com"]
[Source "ChessBase"]
[SourceQuality "1"]

1. b4 e5 2. Bb2 d6 3. e3 Nf6 4. Be2 Be7 5. Nf3 Bg4 6. c4 O-O 7. O-O Nbd7 8. Nc3 h6 9. d4 Re8 10. a3 c6 11. h3 Bh5 12. Nh4 Bxe2 13. Nxe2 a5 14. Nf5 Bf8 15. dxe5 Nxe5 16. Qc2 Qd7 17. Rad1 Qc7 18. Rd2 axb4 19. axb4 Ra2 20. Rfd1 Rxb2 21. Qxb2 Nxc4 22. Qd4 Nxd2 23. Nxh6+ gxh6 24. Qxf6 Bg7 25. Qh4 Ne4 26. Nf4 Nf6 27. g4 Nh7 28. Qg3 d5 29. Qg2 Qd6 30. b5 Qc5 31. bxc6 bxc6 32. h4 Qc2 33. Rf1 Qe4 34. Rc1 Qa4 35. g5 hxg5 36. hxg5 Re5 37. g6 fxg6 38. Qh3 Qa8 39. Qd7 Qe8 40. Qxc6 Rg5+ 41. Kf1 Qxc6 42. Rxc6 Nf6 43. Ne6 Re5 44. Ke2 Kf7 45. Nd4 Re7 46. Nf3 Bh6 47. Rd6 g5 48. Nd4 Kg6 49. Kd3 g4 50. Nc6 Re4 51. Nd4 g3 52. f4 Rxd4+ 0-1

[Event "73rd MNE-ch 2021"]
[Site "Podgorica"]
[Date "2021.05.10"]
[Round "9.4"]
[White "Sukovic, Andrej"]
[Black "Kisic, Bozidar"]
[Result "0-1"]
[WhiteElo "2283"]
[BlackElo "2263"]
[Annotator "NA"]
[PlyCount "90"]
[EventDate "2021.05.03"]
[EventType "swiss"]
[EventCountry "MNE"]
[SourceTitle "playchess.com"]
[Source "ChessBase"]
[SourceQuality "1"]

1. e4 g6 2. d4 Bg7 3. Nc3 d6 4. f4 c6 5. Nf3 Bg4 6. Be3 Qb6 7. Qd2 Nd7 8. O-O-O Qa5 9. Kb1 e6 10. e5 Bf8 11. Qf2 d5 12. h3 Bxf3 13. Qxf3 b5 14. f5 gxf5 15. g4 b4 16. Ne2 Ne7 17. Ng3 f4 18. Bxf4 Ng6 19. Nh5 c5 20. Bg5 cxd4 21. Nf6+ Nxf6 22. Bxf6 Rg8 23. Bd3 Be7 24. Bxe7 Kxe7 25. Qf6+ Ke8 26. Rhf1 Rf8 27. h4 Rc8 28. h5 Ne7 29. Bxh7 Kd7 30. Qg7 Qc7 31. Rde1 Qa5 32. g5 b3 33. axb3 Qd2 34. Bd3 Rxc2 35. Bb5+ Nc6 36. Rxf7+ Rxf7 37. Qxf7+ Kd8 38. Qg8+ Kc7 39. Qh7+ Kb6 40. Qxc2 Qxe1+ 41. Qc1 Qxc1+ 42. Kxc1 Kxb5 43. Kd2 Nxe5 44. g6 Ng4 45. g7 Nh6 0-1

[Event "73rd MNE-ch 2021"]
[Site "Podgorica"]
[Date "2021.05.10"]
[Round "9.5"]
[White "Nikac, Predrag"]
[Black "Tomic, Aleksandar"]
[Result "0-1"]
[WhiteElo "2318"]
[BlackElo "2377"]
[Annotator "NA"]
[PlyCount "80"]
[EventDate "2021.05.03"]
[EventType "swiss"]
[EventCountry "MNE"]
[SourceTitle "playchess.com"]
[Source "ChessBase"]
[SourceQuality "1"]

1. e4 c5 2. Nf3 e6 3. d4 cxd4 4. Nxd4 Nc6 5. Nc3 Qc7 6. Be2 Nf6 7. O-O Be7 8. Be3 O-O 9. f4 d6 10. Bf3 Nxd4 11. Bxd4 e5 12. Be3 exf4 13. Bxf4 Be6 14. Kh1 a6 15. Ne2 Rfe8 16. Nd4 Bf8 17. b3 g6 18. c4 Bg7 19. Rc1 Qc5 20. Ne2 Ng4 21. Qe1 Ne5 22. b4 Qa7 23. Bxe5 Bxe5 24. Qd2 Rac8 25. Nf4 Bxc4 26. Bg4 Bxf1 27. Bxc8 Bb5 28. Nd5 Bc6 29. Bg4 Qd4 30. Qxd4 Bxd4 31. Bf3 Kg7 32. h3 Be5 33. Nc7 Rc8 34. Nd5 Kf8 35. a4 Rb8 36. Nb6 Ke8 37. Rc4 Ke7 38. Kg1 h5 39. Nd5+ Kf8 40. Nb6 Bxa4 0-1

[Event "73rd MNE-ch 2021"]
[Site "Podgorica"]
[Date "2021.05.10"]
[Round "9.6"]
[White "Podlesnik, Bogdan"]
[Black "Musovic, Armin"]
[Result "0-1"]
[WhiteElo "2356"]
[BlackElo "2258"]
[Annotator "NA"]
[PlyCount "100"]
[EventDate "2021.05.03"]
[EventType "swiss"]
[EventCountry "MNE"]
[SourceTitle "playchess.com"]
[Source "ChessBase"]
[SourceQuality "1"]

1. e4 c6 2. d4 d5 3. Nc3 dxe4 4. Nxe4 Nf6 5. Nxf6+ exf6 6. Ne2 Na6 7. Ng3 h5 8. h3 h4 9. Ne4 Bf5 10. Bxa6 Qa5+ 11. c3 Qxa6 12. f3 O-O-O 13. Qe2 Bxe4 14. fxe4 Re8 15. Qg4+ Re6 16. Kf2 Qd3 17. Re1 Bd6 18. Bf4 Bxf4 19. Qxf4 g5 20. Qf3 Qb5 21. b3 Rhe8 22. Rad1 Qa5 23. a4 c5 24. Qf5 Kb8 25. Re3 Qb6 26. Qd5 Rd8 27. Qc4 Qd6 28. Kg1 Qf4 29. Qe2 cxd4 30. cxd4 Rde8 31. Rf1 Qd6 32. Qd3 Qe7 33. Rfe1 Qc7 34. Qb5 a6 35. Qf5 Qb6 36. Rd1 Rd8 37. Red3 Rde8 38. Re3 Rd6 39. Red3 Rde6 40. e5 Rxe5 41. Qf2 Re2 42. Qf3 Rb2 43. R1d2 Re1+ 44. Kf2 Rbb1 45. Rd1 Rexd1 46. Rxd1 Rxb3 47. Qd5 Qe6 48. Qd8+ Ka7 49. Re1 Rb2+ 50. Kf1 Qf5+ 0-1

[Event "73rd MNE-ch 2021"]
[Site "Podgorica"]
[Date "2021.05.10"]
[Round "9.7"]
[White "Koljevic, Nikolina"]
[Black "Vujovic, Savo"]
[Result "0-1"]
[WhiteElo "1931"]
[BlackElo "2167"]
[Annotator "NA"]
[PlyCount "70"]
[EventDate "2021.05.03"]
[EventType "swiss"]
[EventCountry "MNE"]
[SourceTitle "playchess.com"]
[Source "ChessBase"]
[SourceQuality "1"]

1. e4 c6 2. d4 d5 3. Nc3 dxe4 4. Nxe4 Nf6 5. Nxf6+ exf6 6. Nf3 Bd6 7. Be2 O-O 8. O-O Qc7 9. c3 Nd7 10. h3 Re8 11. a4 a5 12. Qc2 Nf8 13. Bd3 g6 14. Bd2 Ne6 15. Rfe1 Bd7 16. Re4 Nf4 17. Bxf4 Bxf4 18. c4 f5 19. Ree1 Qb6 20. Qc3 c5 21. d5 Rxe1+ 22. Rxe1 Bxa4 23. Re7 Re8 24. Qe1 Rxe7 25. Qxe7 Bd6 26. Qh4 Bc7 27. g4 Qxb2 28. Qe7 Qc1+ 29. Kg2 Qf4 30. Ng5 fxg4 31. hxg4 h6 32. Ne4 Qxg4+ 33. Kf1 Qd1+ 34. Kg2 Qxd3 35. d6 Bc6 0-1

[Event "73rd MNE-ch 2021"]
[Site "Podgorica"]
[Date "2021.05.10"]
[Round "9.8"]
[White "Scekic, Veljko"]
[Black "Pecurica, Milos"]
[Result "0-1"]
[WhiteElo "2224"]
[BlackElo "2328"]
[Annotator "NA"]
[PlyCount "42"]
[EventDate "2021.05.03"]
[EventType "swiss"]
[EventCountry "MNE"]
[SourceTitle "playchess.com"]
[Source "ChessBase"]
[SourceQuality "1"]

1. Nf3 d5 2. b3 Nf6 3. g3 e6 4. c4 d4 5. Bg2 c5 6. e3 Nc6 7. exd4 cxd4 8. d3 Be7 9. O-O Nd7 10. Bb2 e5 11. a3 a5 12. Nbd2 O-O 13. Re1 Re8 14. h3 Ra6 15. Qc2 Qc7 16. Nf1 Nc5 17. N3d2 Rb6 18. g4 f5 19. f4 fxg4 20. fxe5 gxh3 21. Bd5+ Kh8 0-1

[Event "73rd MNE-ch 2021"]
[Site "Podgorica"]
[Date "2021.05.10"]
[Round "9.9"]
[White "Djurovic, Peko"]
[Black "Abramovic, Dragoljub"]
[Result "0-1"]
[WhiteElo "2058"]
[BlackElo "2012"]
[Annotator "NA"]
[PlyCount "106"]
[EventDate "2021.05.03"]
[EventType "swiss"]
[EventCountry "MNE"]
[SourceTitle "playchess.com"]
[Source "ChessBase"]
[SourceQuality "1"]

1. e4 e6 2. d4 d5 3. Nc3 Bb4 4. e5 Qd7 5. Qg4 f5 6. Qg3 b6 7. a3 Bxc3+ 8. bxc3 Ba6 9. Bxa6 Nxa6 10. Qd3 Nb8 11. Nf3 Nc6 12. O-O Na5 13. a4 Ne7 14. Re1 Nc4 15. Nd2 Nxd2 16. Bxd2 Nc6 17. c4 O-O 18. cxd5 Qxd5 19. c4 Qxd4 20. Qc2 Rad8 21. Bg5 Qd3 22. Qa2 Nb4 23. Qb2 Nc2 24. Bxd8 Rxd8 25. g3 Nxe1 26. Rxe1 Qxc4 27. Rc1 Qe4 28. Qb5 h6 29. Qc6 Qxe5 30. Qxc7 Rd1+ 31. Kg2 Qe4+ 32. Kh3 Rxc1 33. Qxc1 Qxa4 34. f4 Qd7 35. Qc4 b5 36. Qb4 Kf7 37. Qa5 Qb7 38. Kh4 b4 39. g4 fxg4 40. f5 Qe7+ 41. Kg3 Qd6+ 42. Kxg4 Qd4+ 43. Kh5 Qd1+ 44. Kh4 Qe1+ 45. Kh3 Qe3+ 46. Kg2 Qe4+ 47. Kg3 exf5 48. Qxa7+ Kg6 49. h4 Qg4+ 50. Kh2 Qxh4+ 51. Kg2 Qg4+ 52. Kh1 Kh7 53. Qb6 h5 0-1

[Event "73rd MNE-ch 2021"]
[Site "Podgorica"]
[Date "2021.05.10"]
[Round "9.10"]
[White "Jeknic, Velimir"]
[Black "Vujacic, Igor"]
[Result "0-1"]
[WhiteElo "1956"]
[BlackElo "2207"]
[Annotator "NA"]
[PlyCount "110"]
[EventDate "2021.05.03"]
[EventType "swiss"]
[EventCountry "MNE"]
[SourceTitle "playchess.com"]
[Source "ChessBase"]
[SourceQuality "1"]

1. e4 c5 2. Nf3 Nc6 3. d4 cxd4 4. c3 d3 5. Bxd3 d6 6. Bc4 e6 7. O-O Nf6 8. Qe2 Be7 9. Rd1 Qc7 10. h3 a6 11. a4 O-O 12. Bf4 Na5 13. Ba2 e5 14. Bd2 Be6 15. Na3 Nb3 16. Bxb3 Bxb3 17. Rdc1 Bxa4 18. Bg5 Bc6 19. Nd2 b5 20. Nc2 Qb7 21. f3 Rfe8 22. Nb3 a5 23. Be3 a4 24. Nd2 d5 25. exd5 Nxd5 26. Bf2 Nf4 27. Qf1 Rad8 28. Be3 Bc5 29. Rd1 Bxe3+ 30. Nxe3 Qb6 31. Qf2 Nd3 32. Qe2 Nxb2 33. Re1 Nd3 34. Reb1 Nf4 35. Qf2 Rd3 36. Ndf1 Qc5 37. Re1 Rxc3 38. Nd1 Qxf2+ 39. Nxf2 b4 40. Nd1 Rc2 41. Nde3 Re2 42. Rec1 Rxe3 43. Rxc6 Ra3 44. Re1 h5 45. Rb6 b3 46. Ne3 Ra2 47. Rb1 Re2 48. Nc4 Rxg2+ 49. Kh1 Rc8 50. Rb4 Rc2 51. Nxe5 Rc1+ 52. Rxc1 Rxc1+ 53. Kh2 a3 54. Rb8+ Kh7 55. Nxf7 a2 0-1